| 000 | 00686nam a2200265 a 4500 | ||
|---|---|---|---|
| 003 | AR-BaBNM | ||
| 005 | 20251128210547.0 | ||
| 008 | 082120s2002 ||||||||||||||000 | spa|| | ||
| 020 | _a0-582-31122-5 | ||
| 040 | _cAR-BaBNM | ||
| 100 | 1 | _aAshworth, Julie | |
| 245 | 0 | 0 |
_aNew stepping stones _bactivity book _n3 |
| 250 | _a1ª ed. | ||
| 260 |
_aEdinburgh _bLongman _c1998 |
||
| 300 |
_a76 p. _bil., tablas |
||
| 650 | 4 | _aENSEÑANZA DE IDIOMAS | |
| 650 | 4 | _aINGLES | |
| 650 | 4 | _aACTIVIDADES DE APRENDIZAJE | |
| 650 | 4 | _aLIBROS DE TEXTO | |
| 653 | _aEDUCACION GENERAL BASICA | ||
| 653 | _aCONTENIDOS CURRICULARES | ||
| 700 | 1 | _aClark, John | |
| 942 | _cBK | ||
| 998 | _cRAQUEL | ||
| 999 |
_c15948 _d15948 |
||